Sedm metrů na nezaměstnanost. Sociální politika.

Ďalšie meradlá na posudzovanie nezamestnanosti. Úrad štatistiky práce v USA publikuje od r. 1976 7 rôznych indikátorov nezamestnanosti. Možno nimi sledovať vlastnosti a odlišnosti trhov práce v rôznych krajinách. Definície ukazovateľov. Porovnanie štatistické medzinárodné. Na nezamestnanosť má obrov...

Ausführliche Beschreibung

Gespeichert in:
Bibliographische Detailangaben
1. Verfasser: Polívka, M.
Format: Buchkapitel
Sprache:Tschechisch
Schlagworte:
Tags: Tag hinzufügen
Keine Tags, Fügen Sie das erste Tag hinzu!

MARC

LEADER 00000naa a2200000 4500
001 r013578
005 20221205075703.6
041 0 |a cze 
044 |a CZ 
245 1 0 |a Sedm metrů na nezaměstnanost.  |b Sociální politika.  |c M. Polívka 
520 |a Ďalšie meradlá na posudzovanie nezamestnanosti. Úrad štatistiky práce v USA publikuje od r. 1976 7 rôznych indikátorov nezamestnanosti. Možno nimi sledovať vlastnosti a odlišnosti trhov práce v rôznych krajinách. Definície ukazovateľov. Porovnanie štatistické medzinárodné. Na nezamestnanosť má obrovský vplyv vývoj technológií. 
610 2 0 |a nezamestnanosť 
610 2 0 |a politika sociálna 
610 2 0 |a porovnanie štatistické medzinárodné 
610 2 0 |a ukazovatele ekonomické 
610 2 0 |a ukazovatele štatistické 
610 2 0 |a ukazovatele sociálne 
610 2 0 |a technológie nové 
100 1 |a Polívka, M.